English Loanwords Quiz Stats

 Plays Quiz Updated Nov 11, 2020

     
Support Sporcle.
Go Orange.
Score 0/70 Timer 10:00
0 Plays Today
% Correct
bonsai
81.3%
bar mitzvah
80%
champagne
79.2%
feng shui
78.2%
haiku
78.2%
doppelgänger
76.7%
kibbutz
75.3%
leprechaun
75%
luau
74.7%
cappuccino
74.6%
tortilla
74%
dachshund
73.9%
shanghai
73.8%
hula
73.7%
origami
73.6%
limerick
73.6%
tsunami
73.5%
mahi-mahi
73.2%
vodka
71.9%
czar
71.8%
marionette
71.1%
karaoke
69.8%
rabbi
69.7%
entrepreneur
68.3%
fresco
67.4%
gondola
67.3%
status quo
66.6%
ukulele
66.1%
wok
65.9%
zeitgeist
65.7%
ginseng
65.1%
lanai
65%
soprano
64.9%
gulag
63.6%
vice versa
62.3%
% Correct
balalaika
62.2%
ergo
61.9%
rouge
61.5%
whiskey
61.3%
guerrilla
60.1%
moccasin
59.1%
brogue
58.4%
sultan
57.9%
hamburger
57%
harem
56.3%
totem
55.5%
banshee
52%
algebra
51.6%
naïve
50.9%
mosquito
48.6%
karma
48.1%
hallelujah
48%
hummus
47.7%
nirvana
47.5%
requiem
46.9%
memorandum
46.7%
samovar
45.3%
broccoli
44%
pretzel
43.5%
raccoon
42.7%
toboggan
42.6%
quahog
42.1%
yoga
42%
embargo
39.3%
manna
38.5%
assassin
37.9%
swastika
35.9%
tobacco
35.8%
avatar
31%
kumquat
24.3%

From the Vault

Secret Recipes Logic Puzzle

by metashades

We're just glad that none of these recipes include cantaloupe. Cantaloupe is the absolute worst.
Remove Ads.
Support Sporcle.
Get the best of Sporcle when you Go Orange. This ad-free experience offers more features, more stats, and more fun while also helping to support Sporcle. Thank you for becoming a member.

Show Comments

Extras

Top Quizzes Today


Score Distribution

Your Account Isn't Verified!

In order to create a playlist on Sporcle, you need to verify the email address you used during registration. Go to your Sporcle Settings to finish the process.

Report this User

Report this user for behavior that violates our Community Guidelines.

Details: